|
|
|
|
| LEADER |
00574nam a2200169 a 4500 |
| 020 |
|
|
|a 0863112560
|
| 082 |
|
|
|a 954
|b CHA/C
|
| 100 |
1 |
|
|a Desika Char, S. V.,
|
| 245 |
1 |
0 |
|a Caste, religion, and country :
|b a view of ancient and medieval India /
|
| 260 |
|
|
|a New Delhi :
|b Orient Longman,
|c 1993.
|
| 300 |
|
|
|a xi, 258 p. ;
|
| 650 |
|
0 |
|a Caste
|z India.
|
| 650 |
|
0 |
|a Hindus
|z India.
|
| 650 |
|
0 |
|a Muslims
|z India.
|
| 942 |
|
|
|c BK
|
| 999 |
|
|
|c 97035
|d 97035
|
| 952 |
|
|
|0 0
|1 0
|4 0
|6 954_000000000000000_CHA_C
|7 0
|9 89981
|a SSS
|b SSS
|c REF
|d 2011-10-04
|g 120.00
|l 0
|o 954 CHA/C
|p SSS01967
|r 2011-10-04
|w 2011-10-04
|y REF
|